The last lion : (Record no. 42494)
[ view plain ]
| 000 -CABECERA | |
|---|---|
| campo de control de longitud fija | 00506nam a2200157 a 4500 |
| 001 - NÚMERO DE CONTROL | |
| campo de control | 000043005 |
| 005 - FECHA Y HORA DE LA ÚLTIMA TRANSACCIÓN | |
| campo de control | 20201002040551.0 |
| 008 - DATOS DE LONGITUD FIJA--INFORMACIÓN GENERAL | |
| campo de control de longitud fija | 140217s1983 nyuab 001 0 spa d |
| 020 ## - NÚMERO INTERNACIONAL ESTÁNDAR DEL LIBRO | |
| Número Internacional Estándar del Libro | 0316545031 |
| 040 ## - FUENTE DE LA CATALOGACIÓN | |
| Centro catalogador/agencia de origen | DO-SdBNP |
| Lengua de catalogación | spa |
| Centro/agencia transcriptor | BNPHU |
| 082 ## - NÚMERO DE LA CLASIFICACIÓN DECIMAL DEWEY | |
| Número de clasificación | xxxx |
| Número de documento/Ítem | xxxx |
| 100 1# - ENTRADA PRINCIPAL--NOMBRE DE PERSONA | |
| Nombre de persona | Manchester, William, |
| Fechas asociadas al nombre | 1922-2004. |
| 9 (RLIN) | 70525 |
| 245 10 - MENCIÓN DE TÍTULO | |
| Título | The last lion : |
| Resto del título | Winston Spencer Churchill ; Alone1932-1940 / |
| Mención de responsabilidad, etc. | William Manchester. |
| 260 ## - PUBLICACIÓN, DISTRIBUCIÓN, ETC. | |
| Lugar de publicación, distribución, etc. | Boston : |
| Nombre del editor, distribuidor, etc. | Little, Brown, |
| Fecha de publicación, distribución, etc. | 1983. |
| 300 ## - DESCRIPCIÓN FÍSICA | |
| Extensión | xxvi, 756 p. : |
| Otras características físicas | ill., maps ; |
| Dimensiones | 25 cm. |
| Estado de retiro | Estado de pérdida | Restricciones de uso | No para préstamo | Código de colección | Localización permanente | Ubicación/localización actual | Ubicación en estantería | Fecha de adquisición | Número de inventario | Total de préstamos | Signatura topográfica completa | Código de barras | Fecha visto por última vez | Precio válido a partir de | Tipo de ítem Koha |
|---|---|---|---|---|---|---|---|---|---|---|---|---|---|---|---|
| Excluido de préstamo | Monografías: Libros y Folletos | General | General | En catalogación | 17.02.2014 | LF1 | xxxx xxxx | 43005-10 | 25.06.2020 | 25.06.2020 | No se presta |
